LEADER 01182nam0 22003133i 450 001 UFI0233023 005 20251003044428.0 010 $a0792397002 100 $a20081126d1996 ||||0itac50 ba 101 | $aeng 102 $aus 181 1$6z01$ai $bxxxe 182 1$6z01$an 200 1 $aMeta-heuristics$etheory & applications$fedited by Ibrahim H. Osman and James P. Kelly 210 $aBoston$cKluwer Academic Publisher$dİ1996 215 $aX, 690 p.$d24 cm. 676 $a519.6$9OTTIMIZZAZIONE MATEMATICA$v14 676 $a519.64$9OTTIMIZZAZIONE COMBINATORIA$v22 702 1$aOsman$b, Ibrahim H.$3UFIV119046 702 1$aKelly$b, James Patrick$f <1959- >$3UFIV119047 712 12$aMeta-Heuristics international conference$d <1.$f ; 1995$e ; Breckenridge>$3NAPV130994$4070 801 3$aIT$bIT-000000$c20081126 850 $aIT-BN0095 901 $bNAP 01$cSALA DING $n$ 912 $aUFI0233023 950 0$aBiblioteca Centralizzata di Ateneo$b1 v.$c1 v.$d 01SALA DING 519.6 METH$e 0102 0000028365 VMA A4 1 v.$fY $h19970930$i19970930 977 $a 01 996 $aMeta-heuristics$91576027 997 $aUNISANNIO